000 00353nam a2200145 i 4500
001 bg
100 1 _aBOCHEŃSKI, Aleksander
245 0 _aPrzemysł Polski w dawnych wiekach /
_cA. Bocheński.
260 _aWarszawa,
_c1984.
040 _cBPK
041 _apol
080 _a66/69".../17"
942 _cKS
008 s pl f |000 0 pol
999 _c22922
_d22922
856 _uhttp://koha.tu.koszalin.pl/cgi-bin/koha/opac-detail.pl?biblionumber=22922
_yKatalog online BPK